Discorso del comm. Cristoforo Negri presidente della Societa geografica italiana tenuto nell'adunanza solenne del 13 marzo 1870. (Record no. 173645)
[ view plain ]
| 000 -LEADER | |
|---|---|
| campo de control de longitud fija | 00654nam a2200169 i 4500 |
| 001 - NÚMERO DE CONTROL | |
| campo de control | 173645 |
| 003 - IDENTIFICADOR DE NÚMERO DE CONTROL | |
| campo de control | ES-MaACL |
| 005 - FECHA Y HORA DE LA ÚLTIMA TRANSACCIÓN | |
| campo de control | 20230906215312.0 |
| 008 - DATOS DE LONGITUD FIJA--INFORMACIÓN GENERAL | |
| campo de control de longitud fija | 091221s1870 it |||| | ita d |
| 100 1# - ENTRADA PRINCIPAL--NOMBRE DE PERSONA | |
| Nombre de persona | Negri, Cristoforo. |
| 9 (RLIN) | 130432 |
| 245 10 - MENCIÓN DEL TÍTULO | |
| Título | Discorso del comm. Cristoforo Negri presidente della Societa geografica italiana tenuto nell'adunanza solenne del 13 marzo 1870. |
| 260 ## - PUBLICACIÓN, DISTRIBUCIÓN, ETC. | |
| Lugar de publicación, distribución, etc. | [Firenze : |
| Nombre del editor, distribuidor, etc. | Civelli, |
| Fecha de publicación, distribución, etc. | 1870] |
| 300 ## - DESCRIPCIÓN FÍSICA | |
| Extensión | 72 p. ; |
| Dimensiones | 21 cm. |
| 500 ## - NOTA GENERAL | |
| Nota general | Datos tomados de la Biblioteca Nacional Italiana. |
| 710 2# - ENTRADA AGREGADA--NOMBRE DE ENTIDAD CORPORATIVA | |
| Nombre de entidad corporativa o nombre de jurisdicción como elemento de entrada | Società Geografica Italiana. |
| 9 (RLIN) | 141850 |
| 852 4# - LOCALIZACIÓN | |
| Ubicación | ES-MaACL |
| Número de control de estantería | T-105-F-2 |
| Nota libre | Enc. en un vol. facticio, falto de cub. y port. |
| Estatus retirado | Estado de pérdida | Estado de daño | No para préstamo | Colección | Biblioteca de origen | Biblioteca actual | Ubicación en estantería | Fecha de adquisición | Fuente de adquisición | Total de préstamos | Signatura topográfica completa | Código de barras | Visto por última vez | Precio de reemplazo | Tipo de ítem Koha |
|---|---|---|---|---|---|---|---|---|---|---|---|---|---|---|---|
| Colección de folletos | Biblioteca del Ateneo de Madrid | Biblioteca del Ateneo de Madrid | Depósito folletos | 21/12/2009 | T-105-F-2 | 1182223 | 23/02/2023 | 23/02/2023 | Folleto |
